000
00253nam a2200097Ia 4500
001
640795
005
20250826153454.0
008
250824s9999 xx 000 0 und d
245
0
_a
10 DAKİKADA BEYİN JİMNASTİĞİ
_c
GARETH MOORE
260
_b
GENÇ TİMAŞ
999
_c
640795
_d
640795